LEADER 04465nam 22008055 450 001 996465740903316 005 20200630020526.0 010 $a3-642-33260-9 024 7 $a10.1007/978-3-642-33260-9 035 $a(CKB)3400000000086179 035 $a(SSID)ssj0000767473 035 $a(PQKBManifestationID)11446121 035 $a(PQKBTitleCode)TC0000767473 035 $a(PQKBWorkID)10739994 035 $a(PQKB)10820466 035 $a(DE-He213)978-3-642-33260-9 035 $a(MiAaPQ)EBC3070901 035 $a(PPN)168323958 035 $a(EXLCZ)993400000000086179 100 $a20120920d2012 u| 0 101 0 $aeng 135 $aurnn#008mamaa 181 $ctxt 182 $cc 183 $acr 200 10$aComputer Information Systems and Industrial Management$b[electronic resource] $e11th IFIP TC 8 International Conference, CISIM 2012, Venice, Italy, September 26-28, 2012, Proceedings /$fedited by Agostino Cortesi, Nabendu Chaki, Khalid Saeed, S?awomir Wierzcho? 205 $a1st ed. 2012. 210 1$aBerlin, Heidelberg :$cSpringer Berlin Heidelberg :$cImprint: Springer,$d2012. 215 $a1 online resource (XII, 444 p. 176 illus.) 225 1 $aInformation Systems and Applications, incl. Internet/Web, and HCI ;$v7564 300 $aBibliographic Level Mode of Issuance: Monograph 311 $a3-642-33259-5 320 $aIncludes bibliographical references and index. 327 $aSecurity, Access Control and Intrusion Detection -- Pattern Recognition and Image Processing -- Biometric Applications -- Algorithms and Data Management -- Networking -- System Models and Risk Assessment. 330 $aThis book constitutes the refereed proceedings of the 11th International Conference on Computer Information Systems and Industrial Management, CISIM 2012, held in Venice, Italy, in September 2012. The 35 revised full papers presented together with 2 keynote talks were carefully reviewed and selected from 80 submissions. The papers are organized in topical sections on security, access control and intrusion detection; pattern recognition and image processing; biometric applications; algorithms and data management; networking; and system models and risk assessment. 410 0$aInformation Systems and Applications, incl. Internet/Web, and HCI ;$v7564 606 $aComputer communication systems 606 $aApplication software 606 $aArtificial intelligence 606 $aSoftware engineering 606 $aAlgorithms 606 $aInformation storage and retrieval 606 $aComputer Communication Networks$3https://scigraph.springernature.com/ontologies/product-market-codes/I13022 606 $aInformation Systems Applications (incl. Internet)$3https://scigraph.springernature.com/ontologies/product-market-codes/I18040 606 $aArtificial Intelligence$3https://scigraph.springernature.com/ontologies/product-market-codes/I21000 606 $aSoftware Engineering$3https://scigraph.springernature.com/ontologies/product-market-codes/I14029 606 $aAlgorithm Analysis and Problem Complexity$3https://scigraph.springernature.com/ontologies/product-market-codes/I16021 606 $aInformation Storage and Retrieval$3https://scigraph.springernature.com/ontologies/product-market-codes/I18032 615 0$aComputer communication systems. 615 0$aApplication software. 615 0$aArtificial intelligence. 615 0$aSoftware engineering. 615 0$aAlgorithms. 615 0$aInformation storage and retrieval. 615 14$aComputer Communication Networks. 615 24$aInformation Systems Applications (incl. Internet). 615 24$aArtificial Intelligence. 615 24$aSoftware Engineering. 615 24$aAlgorithm Analysis and Problem Complexity. 615 24$aInformation Storage and Retrieval. 676 $a004.6 702 $aCortesi$b Agostino$4edt$4http://id.loc.gov/vocabulary/relators/edt 702 $aChaki$b Nabendu$4edt$4http://id.loc.gov/vocabulary/relators/edt 702 $aSaeed$b Khalid$4edt$4http://id.loc.gov/vocabulary/relators/edt 702 $aWierzcho?$b S?awomir$4edt$4http://id.loc.gov/vocabulary/relators/edt 712 12$aInternational Conference on Computer Information Systems and Industrial Management Applications 906 $aBOOK 912 $a996465740903316 996 $aComputer Information Systems and Industrial Management$91947570 997 $aUNISA